书目信息 |
| 题名: |
医案说法
|
|
| 作者: | 尚金凯 , 鲁扬 主编 ;辽宁省医学会 著 | |
| 分册: | ||
| 出版信息: | 沈阳 东北大学出版社 2014 |
|
| 页数: | 250页 | |
| 开本: | 24cm | |
| 丛书名: | ||
| 单 册: | ||
| 中图分类: | D922.165 | |
| 科图分类: | ||
| 主题词: | 医疗事故--Yi Liao Shi Gu--民事纠纷--案例--中国 | |
| 电子资源: | ||
| ISBN: | 978-7-5517-0697-1 | |
| 000 | 01327nam0 22002891 450 | |
| 001 | 350549 | |
| 005 | 20161011151439.42 | |
| 010 | @a978-7-5517-0697-1@dCNY48.00 | |
| 100 | @a20150122d2014 em y0chiy50 ea | |
| 101 | 0 | @achi |
| 102 | @aCN@b210000 | |
| 105 | @ay z 000yy | |
| 106 | @ar | |
| 200 | 1 | @a医案说法@AYi An Shuo Fa@f辽宁省医学会医疗事故技术鉴定工作办公室[著] |
| 210 | @a沈阳@c东北大学出版社@d2014 | |
| 215 | @a250页@d24cm | |
| 312 | @a封面英文题名:Legal analysis on cases of medical disputes | |
| 314 | @a主编:尚金凯,鲁扬 | |
| 330 | @a本书通过75个典型案例的分析和相关法律知识的介绍,使读者认识引发医疗纠纷的原因,如何处理医疗纠纷,预防医疗纠纷。同时,通过案例的分析,向读者介绍哪些是医生应尽的注意义务、告知义务和预见义务;医生在医疗活动中应该选择什么样的方式与患者交谈;告诉医生应该以自己的忠诚取得病人的信任,获得病人更多的信息;病人则应以积极、坦荡、乐观的心态和医生一起面对疾病,共同承担风险。 | |
| 510 | 1 | @aLegal analysis on cases of medical disputes@zeng |
| 606 | 0 | @a医疗事故@AYi Liao Shi Gu@x民事纠纷@x案例@y中国 |
| 690 | @aD922.165@v5 | |
| 701 | 0 | @a尚金凯@AShang Jin Kai@c(法医)@4主编 |
| 701 | 0 | @a鲁扬@ALu Yang@4主编 |
| 712 | 02 | @a辽宁省医学会@ALiao Ning Sheng Yi Xue Hui@b医疗事故技术鉴定工作办公室@4著 |
| 801 | 0 | @aCN@bTANGWEI@c20160804 |
| 905 | @b0890590-4@dD922.165@e1388@f5 | |
| 医案说法/辽宁省医学会医疗事故技术鉴定工作办公室[著] .-沈阳:东北大学出版社,2014 |
| 250页;24cm |
| ISBN 978-7-5517-0697-1:CNY48.00 |
| 本书通过75个典型案例的分析和相关法律知识的介绍,使读者认识引发医疗纠纷的原因,如何处理医疗纠纷,预防医疗纠纷。同时,通过案例的分析,向读者介绍哪些是医生应尽的注意义务、告知义务和预见义务;医生在医疗活动中应该选择什么样的方式与患者交谈;告诉医生应该以自己的忠诚取得病人的信任,获得病人更多的信息;病人则应以积极、坦荡、乐观的心态和医生一起面对疾病,共同承担风险。 |
| ● |
| 相关链接 |
|
|
|
|
正题名:医案说法
索取号:D922.165/1388
 
预约/预借
| 序号 | 登录号 | 条形码 | 馆藏地/架位号 | 状态 | 备注 |
| 1 | 0890590 | 208905906 | 第一样本阅览室/ [索取号:D922.165/1388] | 在馆 | |
| 2 | 0890591 | 208905915 | 第一借阅区/ [索取号:D922.165/1388] | 在馆 | |
| 3 | 0890592 | 208905924 | 第一借阅区/ [索取号:D922.165/1388] | 在馆 | |
| 4 | 0890593 | 208905933 | 第一借阅区/ [索取号:D922.165/1388] | 在馆 | |
| 5 | 0890594 | 208905942 | 密集书库-史法系/ [索取号:D922.165/1388] | 在馆 |